000 00785nam a22002297a 4500
005 20240530110617.0
008 161130s2014 ua h f 00| 0dara d
017 _a2014/14588
_bمصر. دار الكتب
020 _a9789774279195
040 _aEG-CaGPL
_cEG-CaGPL
082 0 4 _221
_a814
_bق/و هـ
100 0 _aوسيم السيسى
245 1 0 _aهذة هى مصر /
_cوسيم السيسى
250 _aط.1.
260 _aالقاهرة :
_bالدار المصرية اللبنانية ،
_c2014.
300 _a149 ص. :
_bصور ؛
_c20 سم.
650 0 7 _2qrmak
_aالحضارة الفرعونية
651 0 7 _2qrmak
_aمصر
_xالاثار
651 0 7 _2qrmak
_aمصر القديمة
_xتاريخ
942 _2ddc
_cBK
999 _c62975
_d62975